College Quizbowl Stats
College Quizbowl Stats
Circuits
Seasons
Sets
Records
Detailed Stats
About
Loading...
2024 ACF Fall at Claremont Colleges
Tossups
Bonuses
Players
Teams
Categories (Tossup)
Categories (Bonus)
Siddharth Chittapuram (DII)
UCLA C
Categories
Category
Powers
Gets
Negs
BBs
Points
Earliest Buzz
Avg. Buzz
First Buzzes
Top 3 Buzzes
Geography
0
2
0
0
20
13
46.00
1
2
Social Science
0
2
0
1
20
58
81.50
0
1
History - Other History
0
1
0
0
10
66
66.00
1
1
Science - Biology
0
1
0
0
10
43
43.00
0
1
History - European History
0
0
1
0
-5
0.00
0
0
Buzzes
Category
Answer
Value
Buzz Position
Geography
New Guinea
10
13
Science - Biology
bats
10
43
Social Science
demand
10
58
History - European History
Cossacks
-5
62
History - Other History
Machu Picchu
10
66
Geography
the Alps
10
79
Social Science
French
10
105
Previous
1
Next